| 000 | 00779nam a22002651 4500 | ||
|---|---|---|---|
| 001 | 75986 | ||
| 003 | BD-RjUL | ||
| 005 | 20211209082755.0 | ||
| 008 | 190929t19671968nyua b 000 0 eng | ||
| 035 | _a(BD-RjUL) | ||
| 040 |
_aDLC _cDLC _dDLC _dBD-RjUL _beng |
||
| 041 | _aeng | ||
| 082 | 0 | 0 |
_223 _a658.5 _bMAP 1968 |
| 100 | 1 |
_aMayer, Raymond R. _9233283 |
|
| 245 | 1 | 0 |
_aProduction management / _c[by] Raymond R. Mayer. |
| 250 | _a2d ed., International student edition. | ||
| 260 |
_aNew York : _bMcGraw-Hill, _cc1968 |
||
| 300 |
_axii, 692 p.: _billus.; _c23 cm. |
||
| 490 | 0 | _aMcGraw-Hill series in management | |
| 504 | _aBibliography: p. 679-684. | ||
| 650 | 0 |
_aProduction management. _9233284 |
|
| 942 |
_2ddc _cBK |
||
| 999 |
_c75986 _d75986 |
||